| 000 | 00348nam a2200145 i 4500 | ||
|---|---|---|---|
| 001 | bg | ||
| 100 | 1 | _aSZECHY, K. | |
| 245 | 0 |
_aUntersuchung und Festigkeitslehre des Baugrundes.Bd.1 / _cK. Szechy. |
|
| 250 | _aWyd.2. | ||
| 260 |
_aAustria, _c1963. |
||
| 040 | _cBPK | ||
| 041 | _apol | ||
| 942 | _cKS | ||
| 008 | s pl f |000 0 pol | ||
| 999 |
_c12051 _d12051 |
||
| 856 |
_uhttp://koha.tu.koszalin.pl/cgi-bin/koha/opac-detail.pl?biblionumber=12051 _yKatalog online BPK |
||